The European labour movement and European integration

Đã lưu trong:
Sonraí Bibleagrafaíochta
Príomhúdar: Barnouin, Barbara
Formáid: Leabhar
Teanga:Undetermined
Foilsithe: London Frances Pinter 1986
Ábhair:
Clibeanna: Cuir Clib Leis
Gan Chlibeanna, Bí ar an gcéad duine leis an taifead seo a chlibeáil!
Thư viện lưu trữ: Trung tâm Học liệu Trường Đại học Cần Thơ
LEADER 00545nam a2200193Ia 4500
001 CTU_77470
008 210402s9999 xx 000 0 und d
082 |a 331.88 
082 |b B259 
100 |a Barnouin, Barbara 
245 4 |a The European labour movement and European integration 
245 0 |c Barbara Barnouin 
260 |a London 
260 |b Frances Pinter 
260 |c 1986 
650 |a European trade union confederation 
650 |x History 
904 |i Trọng Hải 
980 |a Trung tâm Học liệu Trường Đại học Cần Thơ